• 首页
  • 本馆介绍
  • 公告通知
  • 最新文献
  • 馆藏检索
  • 电子资源
  • 读者导购
  • 参考咨询
  • 我的图书馆
  • 登录
  • 详细信息显示
  • 放入我的书架
  • 预约/预借图书
  • 作者相关作品
  • 分类相关作品
  • 丛书相关作品
  • 出版社相关作品

书目信息

  • 表格格式
  • 工作单格式
  • 卡片格式
题名:
环渤海区域填海造陆对滨海湿地的影响研究
    
 
作者: 赵蓓 , 王斌 , 宋文鹏 编著
分册:  
出版信息: 北京   海洋出版社  2017.03
页数: 152页
开本: 27cm
丛书名:
单 册:
中图分类: P942.078
科图分类:
主题词:
电子资源:
ISBN: 978-7-5027-9745-4
000 01408nam0 2200241 450
001 5060
005 20181014091215.87
010    @a978-7-5027-9745-4@dCNY45.00
100    @a20170619d2017 em y0chiy50 ea
101 0  @achi
102    @aCN@b110000
105    @aab z 000yy
200 1  @a环渤海区域填海造陆对滨海湿地的影响研究@9huan bo hai qu yu tian hai zao lu dui bin hai shi di de ying xiang yan jiu@f赵蓓,王斌,宋文鹏等编著
210    @a北京@c海洋出版社@d2017.03
215    @a152页@c图,地图@d27cm
330    @a本书共分为6个章节,以环渤海沿海地区为研究区域,针对该区域亟待解决的填海造陆开发活动与湿地资源合理保护之间相协调的核心问题,对环渤海区填海造陆情况及2000年、2005年、2008年、2010年、2011年、2012和2014年7个时期滨海湿地变化状况进行了分析据遥感影像解析解译,在把握环渤海区域填海造陆开发状况、明晰滨海湿地退化现状及原因的基础上,研究分析填海造陆对环渤海区域湿地动态变化的影响因素,评估填海造陆对滨海湿地的影响,同时通过借鉴国外滨海湿地保护政策措施,提出具有针对性的、适合我国国情的填海造陆管理与湿地保护调控对策,为管理决策提供依据,推动滨海湿地资源的合理保护和利用,从而促进环渤海区域滨海湿地与经济、社会的健康、可持续发展。
607    @a环渤海经济圈@x填海造地@x影响@x海滨@x沼泽化地@x研究
690    @aP942.078@v5
701  0 @a赵蓓@9zhao bei@4编著
701  0 @a王斌@9wang bin@4编著
701  0 @a宋文鹏@9song wen peng@4编著
801  0 @aCN@b91MARC@c20170619
905    @aMuseLib@dP942.078@e176
    
    环渤海区域填海造陆对滨海湿地的影响研究/赵蓓,王斌,宋文鹏等编著.-北京:海洋出版社,2017.03
    152页:图,地图;27cm
    
    
    ISBN 978-7-5027-9745-4:CNY45.00
    本书共分为6个章节,以环渤海沿海地区为研究区域,针对该区域亟待解决的填海造陆开发活动与湿地资源合理保护之间相协调的核心问题,对环渤海区填海造陆情况及2000年、2005年、2008年、2010年、2011年、2012和2014年7个时期滨海湿地变化状况进行了分析据遥感影像解析解译,在把握环渤海区域填海造陆开发状况、明晰滨海湿地退化现状及原因的基础上,研究分析填海造陆对环渤海区域湿地动态变化的影响因素,评估填海造陆对滨海湿地的影响,同时通过借鉴国外滨海湿地保护政策措施,提出具有针对性的、适合我国国情的填海造陆管理与湿地保护调控对策,为管理决策提供依据,推动滨海湿地资源的合理保护和利用,从而促进环渤海区域滨海湿地与经济、社会的健康、可持续发展。
●
相关链接 在E读中查询图书 在五车中查询图书 在当当中查询图书 在豆瓣中查询图书


正题名:环渤海区域填海造陆对滨海湿地的影响研究     索取号:P942.078/176         预约/预借

序号 登录号 条形码 馆藏地/架位号 状态 备注
1 1127929   211279294   第二样本阅览室/ [索取号:P942.078/176] 在馆    
2 1127930   211279301   密集书库-资源管理系/ [索取号:P942.078/176] 在馆    
3 1127931   211279310   第三借阅区/ [索取号:P942.078/176] 在馆    
4 1127932   211279329   第三借阅区/ [索取号:P942.078/176] 在馆    
5 1127933   211279338   第三借阅区/ [索取号:P942.078/176] 在馆    
唐山师范学院图书馆 欢迎您!
大连网信软件有限公司© 版权所有